BIBLIOTHÈQUE DE LA MAISON DU MEXIQUE

Logo 1 Logo 2

Antonio Ruíz (notice nᵒ 1316)

détails MARC
000 -Sello discográfico
campo de control de longitud fija 01126nam a2200313 4500
005 - Identificación de versión
campo de control 20251016082718.0
035 ## - Otros números de control del sistema
Número de control del sistema 18966
099 ## - fechas locales
Tipo de ítem Koha LIBRO
100 ## - Datos de procesamiento general
Datos de procesamiento general 19961205d1987 m y1spay5003 ba
105 ## - Campo de datos codificados: Material textual, monográfico
Datos codificados de monografía a 001zb
200 1# - Título y mención de responsabilidad
Título propio Antonio Ruíz
Designación general del material texto impreso
Otra información del título El Corcito
Primer mención de responsabilidad Olivier Debroise, Carlos Mérida, María Izquierdo ... [et al.]
210 ## - Publicación, distribución, etc.
Lugar de publicación, distribución, etc. México
Nombre del editor, distribuidor, etc. Difusora Mexicana de Arte
Fecha de publicación, distribución, etc. 1987
215 ## - Descripción física
Designación de material específico y extensión del ítem 119 p
Otras características físicas il., fot.
Dimensiones 22 cm
345 ## - Nota de información de adquisición
Fuente de adquisición/dirección de la suscripción [OBSOLETO] Donación
600 ## - Nombre personal usado como materia
Elemento de entrada Ruiz
Parte del nombre distinta del elemento de entrada Antonio Manuel
Fechas 1892-1964
Adiciones al nombre que no sean fechas El Corcito
Subdivisión temática Catálogos
Número Koha 3429
600 ## - Nombre personal usado como materia
Elemento de entrada Ruiz
Parte del nombre distinta del elemento de entrada Antonio Manuel
Fechas 1892-1964
Adiciones al nombre que no sean fechas El Corcito
Subdivisión temática Crítica e interpretación
Número Koha 3430
606 ## - Término temático usado como materia
Elemento de entrada Surrealismo
Subdivisión geográfica México
Subdivisión temática Catálogos
Número Koha 3431
660 ## - Código de área geográfica
Código MX
700 ## - Nombre personal - Responsabilidad primaria
Elemento de entrada Debroise Gigout
Parte del nombre distinta del elemento de entrada Olivier Marie François
Fechas 1952-
Número Koha 1124
701 ## - Nombre personal - Responsabilidad alternativa
Elemento de entrada Izquierdo
Parte del nombre distinta del elemento de entrada María
Fechas 1907-1955
Número Koha 3432
701 ## - Nombre personal - Responsabilidad alternativa
Elemento de entrada Mérida Ortega
Parte del nombre distinta del elemento de entrada Carlos
Fechas 1891-1984
Número Koha 3433
801 #0 - Fuente de origen
Agencia cm
900 ## -
-- 1/13384
900 ## -
-- 710962880\\061296
942 ## - ELEMENTOS DE ENTRADA SECUNDARIOS (KOHA)
Tipo de ítem Koha Livre
996 ## -
-- MEX
-- 751145101
-- MMAG
-- 002379
-- 759.972 R934A
-- 20200817LIV
Exemplaires
Estatus retirado Estado de daño Estado de pérdida Fecha de adquisición Biblioteca de origen Biblioteca actual Ubicación en estantería Código de barras Precio de reemplazo Signatura topográfica completa No para préstamo Tipo de ítem Koha Nota pública Nota no pública
      05/08/2025 Casa México Paris Casa México Paris   002379 05/08/2025 759.972 R934A   Livre 20200817LIV 751145101